书目信息 |
| 题名: |
敝帚集
|
|
| 作者: | 冯其庸 著 | |
| 分册: | ||
| 出版信息: | 北京 文化艺术出版社 2005 |
|
| 页数: | 545页 | |
| 开本: | 21cm | |
| 丛书名: | 名家解读红楼梦 | |
| 单 册: | ||
| 中图分类: | I207.411-53 | |
| 科图分类: | ||
| 主题词: | ||
| 电子资源: | ||
| ISBN: | 7-5039-2627-9 | |
| 000 | 00896nam0 2200253 450 | |
| 001 | TS2006044915 | |
| 005 | 20061205140047.65 | |
| 010 | @a7-5039-2627-9@dCNY30.00 | |
| 100 | @a20060829d2005 emky0chiy0110 ea | |
| 101 | 0 | @achi |
| 102 | @aCN@b110000 | |
| 105 | @ay z 000yy | |
| 200 | 1 | @a敝帚集@ABi Zhou Ji@e冯其庸论红楼梦@EFeng Qi Yong Lun Hong Lou Meng@f冯其庸著@FFeng Qi Yong Zhu |
| 210 | @a北京@c文化艺术出版社@d2005 | |
| 215 | @a545页@d21cm | |
| 225 | 2 | @a名家解读红楼梦 |
| 330 | @a本书收录作者关于《红楼梦》评论的文章有:《曹雪芹家世史料的新发现》、《曹雪芹墓石目见记》、《列宁格勒藏抄本〈石头记〉印象》等。 | |
| 410 | 0 | @12001 @a名家解读红楼梦 |
| 517 | 1 | @a冯其庸论红楼梦@AFeng Qi Yong Lun Hong Lou Meng |
| 605 | @a《红楼梦》研究@x文集 | |
| 690 | @aI207.411-53@v4 | |
| 701 | 0 | @a冯其庸@AFeng Qi Yong@4著 |
| 801 | 0 | @aCN@b中图数据@c20061205 |
| 905 | @a10447@dI207.411-53@e517 | |
| 敝帚集:冯其庸论红楼梦/冯其庸著.-北京:文化艺术出版社,2005 |
| 545页;21cm.-(名家解读红楼梦) |
| ISBN 7-5039-2627-9:CNY30.00 |
| 本书收录作者关于《红楼梦》评论的文章有:《曹雪芹家世史料的新发现》、《曹雪芹墓石目见记》、《列宁格勒藏抄本〈石头记〉印象》等。 |
| ● |
| 相关链接 |
|
|
|
|
正题名:敝帚集
索取号:I207.411-53/517
 
预约/预借
| 序号 | 登录号 | 条形码 | 馆藏地/架位号 | 状态 | 备注 |
| 1 | 0612979 | 206129795 | 第一样本阅览室/ [索取号:I207.411-53/517] | 在馆 | |
| 2 | 0612980 | 206129802 | 第二借阅区/ [索取号:I207.411-53/517] | 在馆 | |
| 3 | 0612981 | 206129811 | 第二借阅区/ [索取号:I207.411-53/517] | 在馆 | |
| 4 | 0612982 | 206129820 | 第二借阅区/ [索取号:I207.411-53/517] | 在馆 | |
| 5 | 0612983 | 206129839 | 第二借阅区/ [索取号:I207.411-53/517] | 在馆 | |
| 6 | 0612984 | 206129848 | 第二借阅区/ [索取号:I207.411-53/517] | 在馆 |